Cincinnati Reds: All-Star Selections - Statistics

General Stats
  • This quiz has been taken 586 times
    209 since last reset
  • The average score is 31 of 111
Answer Stats
Position Amount of Selections Player % Correct
C 14 Johnny Bench
97%
1B 6 Joey Votto
92%
OF 13 Pete Rose
92%
2B 8 Joe Morgan
88%
SS 12 Barry Larkin
85%
OF 3 Ken Griffey
81%
CF 3 Ken Griffey, Jr.
81%
SS 1 Elly De La Cruz
75%
1B 7 Tony Pérez
68%
SS 9 Dave Concepción
67%
2B 3 Brandon Phillips
64%
OF 7 Frank Robinson
64%
P 2 Tom Seaver
64%
LF 5 George Foster
63%
LF 1 Adam Dunn
59%
OF 1 Eric Davis
58%
P 2 Rob Dibble
53%
P 4 Aroldis Chapman
50%
P 1 Johnny Cueto
48%
3B 2 Scott Rolen
48%
P 1 José Rijo
46%
3B 3 Chris Sabo
44%
3B 1 Eugenio Suárez
44%
P 1 Tom Browning
44%
P 1 Alexis Díaz
42%
C 1 Bo Díaz
42%
P 1 Hunter Greene
42%
P 1 Randy Myers
42%
RF 3 Jay Bruce
40%
P 3 John Franco
38%
C 4 Ed Bailey
37%
P 1 Bronson Arroyo
36%
RF 2 Dave Parker
36%
SS 1 Zack Cozart
36%
P 2 Luis Castillo
35%
C 5 Ernie Lombardi
34%
1B 3 Sean Casey
34%
3B 2 Todd Frazier
33%
OF 4 Vada Pinson
33%
RF 1 Nicholas Castellanos
32%
P 1 Norm Charlton
32%
OF 1 Jesse Winker
31%
P 1 Danny Jackson
30%
1B 2 Lee May
30%
RF 1 Paul O'Neill
30%
3B 1 Aaron Boone
29%
2B 1 Bret Boone
29%
P 3 Mario Soto
27%
P 2 Danny Graves
26%
P 1 Jim Maloney
26%
1B 4 Ted Kluszewski
26%
P 1 Gary Nolan
25%
P 1 Jack Billingham
25%
OF 1 Reggie Sanders
25%
2B 1 Scooter Gennett
25%
C 1 Devin Mesoraco
23%
2B 2 Tommy Helms
23%
P 1 Edinson Vólquez
22%
P 1 Sonny Gray
22%
OF 4 Gus Bell
21%
P 4 Johnny Vander Meer
19%
3B 1 Ray Knight
19%
P 1 Tom Hume
18%
P 2 Joe Nuxhall
17%
LF 1 Adam Duvall
15%
SS 1 Felipe López
15%
P 5 Bucky Walters
14%
P 2 Clay Carroll
14%
P 1 Francisco Cordero
14%
1B 8 Frank McCormick
14%
P 1 Jack Armstrong
14%
SS 4 Eddie Miller
13%
P 3 Joey Jay
12%
P 6 Paul Derringer
12%
2B 1 Bip Roberts
10%
LF 1 Ron Gant
10%
P 6 Ewell Blackwell
9%
P 1 Jim O'Toole
9%
C 3 Johnny Edwards
9%
P 1 Alfredo Simón
8%
P 7 Bob Purkey
8%
SS 2 Roy McMillan
8%
P 1 Scott Williamson
8%
P 1 Jim Merritt
7%
P 1 John Smiley
6%
SS 4 Leo Cardenas
6%
2B 3 Lonny Frey
6%
SS 2 Eddie Kasko
5%
2B 4 Johnny Temple
5%
OF 1 Roberto Kelly
5%
P 1 Wayne Simpson
5%
P 1 Arthur Rhodes
4%
C 1 Smoky Burgess
4%
P 3 Bill Henry
3%
P 1 Billy McCool
3%
OF 1 Chick Hafey
3%
3B 1 Grady Hatton
3%
P 1 Mike LaCoss
3%
C 1 Ray Mueller
3%
P 1 Sammy Ellis
3%
C 1 Walker Cooper
3%
1B 1 Bert Haas
2%
P 1 Brooks Lawrence
2%
1B 1 George Crowe
2%
RF 2 Ival Goodman
2%
P 1 Lee Grissom
2%
3B 1 Lew Riggs
2%
P 1 Ray Starr
2%
3B 1 Don Hoak
1%
OF 2 Johnny Wyrostek
1%
C 1 Ray Lamano
1%
No matching quizzes found
Score Distribution
Percent of People with Each Score
Percentile by Number Answered
Your Score History
You have not taken this quiz since the last reset